| 000 | 01011nam a22003017a 4500 | ||
|---|---|---|---|
| 999 |
_c200440898 _d59110 |
||
| 003 | TR-AnTOB | ||
| 005 | 20230811132833.0 | ||
| 007 | ta | ||
| 008 | 210509s1984 tu 00| 0 tur d | ||
| 040 |
_aTR-AnTOB _beng _erda _cTR-AnTOB |
||
| 041 | 0 | _atur | |
| 050 | 4 |
_aHG3968.25 _b.K36 1984 |
|
| 082 |
_a382 _bKAM 1984 |
||
| 090 |
_aHG3968.25 _b.K36 1984 |
||
| 999 | _aBS 09.05.2021 | ||
| 111 | 2 |
_aKambiyo ve Dış Ticaret Paneli _d(1984 : _cAnkara) _9130495 |
|
| 245 | 1 | 0 |
_aKambiyo ve dış ticaret paneli, 4 Ağustos 1984, Ankara : _b[tebliğler ,tartışmalar]. |
| 264 | 1 |
_aAnkara : _bAnkara Ticaret Odası, _c1984. |
|
| 300 |
_a108 pages ; _c24 cm |
||
| 336 |
_atext _btxt _2rdacontent |
||
| 337 |
_aunmediated _bn _2rdamedia |
||
| 338 |
_avolume _bnc _2rdacarrier |
||
| 490 | 0 |
_aAnkara Ticaret Odası Yayınları ; _v1984/1 |
|
| 650 | 7 |
_aKambiyo _zTürkiye _vKongreler _2etuturkob _9130496 |
|
| 651 | 7 |
_aTürkiye _xTicaret _2etuturkob _913482 |
|
| 710 | 2 |
_aAnkara Ticaret Odası _916743 |
|
| 942 |
_2z _cBK |
||